000 00292nam a2200121Ia 4500
008 191201s2014 xx 000 0 und d
100 _aGARDE,R.J.
245 0 _aEngineering Fluid Mechanics
260 _aN. delhi
_bScitech
_c2014
300 _aNULL
650 _aB.Tech(CE)
942 _2ddc
_cBK
_04
999 _c6497
_d6497